| 000 | 00694nam a22002417a 4500 | ||
|---|---|---|---|
| 003 | URS | ||
| 005 | 20250828100501.0 | ||
| 008 | 250319b ||||| |||| 00| 0 eng d | ||
| 020 | _a0226816192 | ||
| 040 | _cURS | ||
| 050 |
_aLB2369 _b.T8 1967 |
||
| 100 |
_911427 _aTurabian, Kate L. |
||
| 245 | _aA Manual for Writers of Term Papers, Theses, and Dissertations | ||
| 250 | _a3rd Edition | ||
| 264 |
_aChicago _bThe University of Chicago Press _c©1967 |
||
| 300 |
_a164 pages.,: _c20 cm. |
||
| 336 |
_2rdacontent _atext |
||
| 337 |
_2rdamedia _aunmediated |
||
| 338 |
_2rdacarrier _avolume |
||
| 650 | 0 |
_91982 _aDissertations, Academic |
|
| 650 | 0 |
_92222 _aReport writing |
|
| 942 |
_2lcc _cR |
||
| 999 |
_c84843 _d84841 |
||